Shades of Pink - Colour Quiz #1 - Statistics

General Stats
  • This quiz has been taken 112 times
  • The average score is 5 of 17
Answer Stats
Colour Answer % Correct
#FFC0CB P{ink}
93%
#FF69B4 H{ot} pink
82%
#F4C2C2 B{aby} pink
72%
#FFB6C1 L{ight} pink
55%
#FFB3DE L{ight} h{ot} pink
27%
#F9CCCA P{ale} pink
23%
#FF1493 D{eep} pink
21%
#FFBCD9 C{otton} c{andy}
16%
#FBAED2 L{avender}
16%
#F2BDCD O{rchid} pink
9%
#FDDDE6 P{iggy} pink
9%
#FFB7C5 C{herry} b{lossom} pink
7%
#FFDDF4 Pink l{ace}
7%
#F1DDCF C{hampagne} pink
5%
#F2C1D1 F{airy} t{ale}
5%
#F7BFBE S{panish} pink
5%
#EFBBCC C{ameo} pink
4%
No matching quizzes found
Score Distribution
Percent of People with Each Score
Percentile by Number Answered
Your Score History
You have not taken this quiz